Kuningatar Elisabetin lapset, lapsenlapset ja lapsenlapsenlapset - Statistics

Yleistilastot
  • Tätä visaa on pelattu 65 kertaa
  • Keskiarvotulos 12 / 24
Vastaustilastot
Vastaus % Oikein
Charles
100%
William
96%
Harry
94%
Anne
86%
Andrew
84%
George
80%
Charlotte
76%
Louis
69%
Edward
67%
Archie
61%
Beatrice
57%
Lilibet
55%
Eugenie
43%
Zara
39%
Peter
33%
James
31%
Louise
29%
Savannah
24%
Mia
20%
Isla
16%
Lena
16%
Lucas
16%
Sienna
16%
August
14%
Ehtoja vastaavia visoja ei löytynyt
Tulosjakauma
Jokaisen tuloksen saaneiden osuus
Persentiili vastausten määrän mukaan
Tuloshistoriasi
Et ole pelannut tätä visaa